000
00367nam a2200133Ia 4500
008
100328s9999 xx 000 0 und d
082
_b
64821
100
_a
फाटक अनुरााा.
245
_a
ऋणानुबंा.
260
_b
सानिया.
630
_a
ऋणानुबंा.
730
_a
ऋणानुबंा.
942
_c
BOOK
999
_c
550582
_d
550579